00477 2200193 4500001002100000005001500021035002000036245002500056100001900081250001200100300003400112260002900146082000800175084001400183020001500197008003900212990001600251990001600267INLIS00000000000184420191004100528 a0010-10190000381 aGerbang Dialog Danur0 aRisa Saraswati aCet2.-- a224 hlm :bIlus ;c14 x 20 cm aJakarta :bBukune,c2015 a813 a813 RIS g a6022201500191004 | | |  a00000001574 a00000001574